101 bài tập kinh tế vi mô chọn lọc
Nội dung của cuốn sách trình bày những bài tập phổ biến nhất thường được sử dụng trong kinh tế vi mô.
Wedi'i Gadw mewn:
| Prif Awdur: | |
|---|---|
| Fformat: | Llyfr |
| Iaith: | Undetermined |
| Cyhoeddwyd: |
Hà Nội
Thống kê
1997
|
| Pynciau: | |
| Tagiau: |
Ychwanegu Tag
Dim Tagiau, Byddwch y cyntaf i dagio'r cofnod hwn!
|
| Thư viện lưu trữ: | Trung tâm Học liệu Trường Đại học Cần Thơ |
|---|
| LEADER | 00721nam a2200193Ia 4500 | ||
|---|---|---|---|
| 001 | CTU_223948 | ||
| 008 | 210402s9999 xx 000 0 und d | ||
| 082 | |a 338.5076 | ||
| 082 | |b Gi108 | ||
| 100 | |a Ngô, Đình Giao | ||
| 245 | 0 | |a 101 bài tập kinh tế vi mô chọn lọc | |
| 245 | 0 | |c Ngô ĐÌnh Giao (Chủ biên) | |
| 260 | |a Hà Nội | ||
| 260 | |b Thống kê | ||
| 260 | |c 1997 | ||
| 520 | |a Nội dung của cuốn sách trình bày những bài tập phổ biến nhất thường được sử dụng trong kinh tế vi mô. | ||
| 650 | |a Kinh tế vi mô,Microeconomics | ||
| 910 | |b dqhieu | ||
| 980 | |a Trung tâm Học liệu Trường Đại học Cần Thơ | ||